Noms des vélos en libre service des villes en France - Statistiques

Statistiques générales
  • Ce quiz a été pris 24 fois
  • Le résultat moyen est 2 sur 15
Statistiques - réponses
Ville Nom du vélo % Correct
Paris Vélib
95%
Lyon Vélo'V
27%
Marseille Levélo
18%
Toulouse VélôToulouse
14%
Nantes Bicloo
9%
Montpellier Vélomagg'
5%
Nancy VélOstan'lib
5%
Lille V'Lille
5%
Dijon DiviaVélodi
0%
Grenoble Métrovélo
0%
Rennes STAR
0%
Bordeaux V3
0%
Strasbourg Vélhop
0%
Nice Vélo Bleu
0%
Angers Vélocité
0%
Aucun quiz correspondant
Distribution des résultats
% des personnes avec chaque résultat
Percentile par nombre de réponses
Votre historique - résultats
Vous n’avez pas pris ce quiz